<?xml version="1.0" encoding="UTF-8"?>
<record
    xmlns:xsi="http://www.w3.org/2001/XMLSchema-instance"
    xsi:schemaLocation="http://www.loc.gov/MARC21/slim http://www.loc.gov/standards/marcxml/schema/MARC21slim.xsd"
    xmlns="http://www.loc.gov/MARC21/slim">

  <leader>00943nam a22002537a 4500</leader>
  <controlfield tag="005">20170123162352.0</controlfield>
  <datafield tag="010" ind1=" " ind2=" ">
    <subfield code="a">A-949216</subfield>
  </datafield>
  <datafield tag="020" ind1=" " ind2=" ">
    <subfield code="c">300.00</subfield>
  </datafield>
  <datafield tag="035" ind1=" " ind2=" ">
    <subfield code="a">A-949216</subfield>
  </datafield>
  <datafield tag="037" ind1=" " ind2=" ">
    <subfield code="b">Cen Lib/Ret</subfield>
  </datafield>
  <datafield tag="040" ind1=" " ind2=" ">
    <subfield code="a">DPL</subfield>
    <subfield code="b">UR</subfield>
  </datafield>
  <datafield tag="082" ind1=" " ind2=" ">
    <subfield code="a">921</subfield>
    <subfield code="b">&#x62D; &#x633; &#x631; </subfield>
  </datafield>
  <datafield tag="100" ind1=" " ind2=" ">
    <subfield code="a">&#x635;&#x62F;&#x6CC;&#x642;&#x6CC;&#x60C; &#x646;&#x641;&#x6CC;&#x633; &#x627;&#x62D;&#x645;&#x62F; </subfield>
    <subfield code="9">475</subfield>
  </datafield>
  <datafield tag="245" ind1=" " ind2=" ">
    <subfield code="a">/&#x200B; &#x62D;&#x633;&#x631;&#x62A; &#x645;&#x648;&#x6C1;&#x627;&#x646;&#x6CC; &#x627;&#x648;&#x631; &#x627;&#x646;&#x642;&#x644;&#x627;&#x628;&#x650; &#x622;&#x632;&#x627;&#x62F;&#x6CC; </subfield>
    <subfield code="c">&#x646;&#x641;&#x6CC;&#x633; &#x627;&#x62D;&#x645;&#x62F; &#x635;&#x62F;&#x6CC;&#x642;&#x6CC;</subfield>
  </datafield>
  <datafield tag="246" ind1=" " ind2=" ">
    <subfield code="a">Hasrat Muhani aur inqlab-e- azadi /</subfield>
    <subfield code="b">by Nafis Ahmad Siddiqui </subfield>
  </datafield>
  <datafield tag="260" ind1=" " ind2=" ">
    <subfield code="a">&#x67E;&#x679;&#x646;&#x6C1; </subfield>
    <subfield code="b">&#x62E;&#x62F;&#x627; &#x628;&#x62E;&#x634; &#x648;&#x631;&#x626;&#x6CC;&#x6D2;&#x646;&#x679;&#x644; &#x67E;&#x628;&#x644;&#x6A9; &#x644;&#x627;&#x626;&#x628;&#x631;&#x6CC;&#x631;&#x6CC; </subfield>
    <subfield code="c">1998</subfield>
  </datafield>
  <datafield tag="270" ind1=" " ind2=" ">
    <subfield code="a">&#x62E;&#x62F;&#x627; &#x628;&#x62E;&#x634; &#x648;&#x631;&#x626;&#x6CC;&#x6D2;&#x646;&#x679;&#x644; &#x67E;&#x628;&#x644;&#x6A9; &#x644;&#x627;&#x626;&#x628;&#x631;&#x6CC;&#x631;&#x6CC;  </subfield>
    <subfield code="b">&#x67E;&#x679;&#x646;&#x6C1; </subfield>
  </datafield>
  <datafield tag="300" ind1=" " ind2=" ">
    <subfield code="a">560p.</subfield>
    <subfield code="c">21cm(Hb)</subfield>
  </datafield>
  <datafield tag="650" ind1=" " ind2=" ">
    <subfield code="a">&#x633;&#x648;&#x627;&#x646;&#x62D; &#x62D;&#x6CC;&#x627;&#x62A;</subfield>
    <subfield code="9">509</subfield>
  </datafield>
  <datafield tag="650" ind1=" " ind2=" ">
    <subfield code="a">&#x633;&#x648;&#x627;&#x646;&#x62D; &#x62D;&#x6CC;&#x627;&#x62A; - &#x62D;&#x633;&#x631;&#x62A; &#x645;&#x648;&#x6C1;&#x627;&#x646;&#x6CC;</subfield>
    <subfield code="9">129899</subfield>
  </datafield>
  <datafield tag="650" ind1=" " ind2=" ">
    <subfield code="a">Biography </subfield>
    <subfield code="9">7490</subfield>
  </datafield>
  <datafield tag="650" ind1=" " ind2=" ">
    <subfield code="a">Biography - Hasrat Muhani </subfield>
    <subfield code="9">137494</subfield>
  </datafield>
  <datafield tag="942" ind1=" " ind2=" ">
    <subfield code="2">ddc</subfield>
    <subfield code="c">UR</subfield>
    <subfield code="h">921</subfield>
    <subfield code="m">&#x62D; &#x633; &#x631; </subfield>
  </datafield>
  <datafield tag="999" ind1=" " ind2=" ">
    <subfield code="c">109358</subfield>
    <subfield code="d">109358</subfield>
  </datafield>
  <datafield tag="952" ind1=" " ind2=" ">
    <subfield code="0">0</subfield>
    <subfield code="1">0</subfield>
    <subfield code="4">0</subfield>
    <subfield code="7">0</subfield>
    <subfield code="a">L</subfield>
    <subfield code="b">L</subfield>
    <subfield code="d">2016-03-05</subfield>
    <subfield code="e">Cen Lib/Ref</subfield>
    <subfield code="g">300.00</subfield>
    <subfield code="l">0</subfield>
    <subfield code="o">921 &#x62D; &#x633; &#x631;</subfield>
    <subfield code="p">A-949216</subfield>
    <subfield code="r">2016-03-05 00:00:00</subfield>
    <subfield code="t">1</subfield>
    <subfield code="v">300.00</subfield>
    <subfield code="w">2016-03-05</subfield>
    <subfield code="y">UR</subfield>
  </datafield>
</record>
